000 00762nam a2200253 i 4500
003 DO-SdBNP
005 20250714094557.0
007 ta
008 250714s1995 dr 000 0 spa d
040 _aDO-SdBNP
_bspa
_cBNPHU
_erda
041 _aspa
082 _axxxx
_bF634e
_222
100 1 _aFlores, Bienvenido Antonio
_938234
_eautor
_4aut.
245 1 0 _aAprenda estructuras algebraicas sin maestro /
_cBienvenido Antonio Flores.
260 _c2000.
264 1 _aMoca, República Dominicana :
_bEditora Dalis,
_c1995.
300 _a39 páginas ;
_c21 cm.
336 _atexto
_btxt
_2rdacontent
337 _asin mediación
_bn
_2rdamedia
338 _avolumen
_bnc
_2rdacarrier
590 _aInventariado, 2025/ YL
910 _aYLockward
942 _2ddc
_cLF2
999 _c59521
_d59521